Semiconductores /

Guardado en:
Autor Principal: Bemski, George
Formato: Libro
Publicado: Washington : Organizacion de los Estados Americanos, 1970
Materias:
Etiquetas: Agregar Etiqueta
Sin Etiquetas, Sea el primero en etiquetar este registro!
LEADER 00497nam a22001815a 4500
001 CEM.cems000950
005 20060213000000.0
008 130507s1970##################000#0#####d
003 CEMS
082 0 4 |a 537.22 
100 1 |a Bemski, George 
245 1 0 |a Semiconductores / 
260 |a Washington :  |b Organizacion de los Estados Americanos,  |c 1970 
300 |a 60 p. 
653 |a Electricidad 
653 |a Fisica 
653 |a Semiconductores 
859 |a CEMS  |b BIB. CEMS - 11 de abril  |h 537.22  |i B429  |p 1360.74  |t Ej.1